[Event "Pan American-ch School U13 12th"]
[Site "Callao"]
[Date "2023.10.16"]
[Round "1"]
[White "Chile Vela, David Leonardo"]
[Black "Astoyauri De la Cruz, Fernando Isaac"]
[Result "1-0"]
[WhiteElo "1163"]
[BlackElo "1636"]
[PlyCount "65"]
[EventDate "2023.10.16"]
[EventType "swiss"]
[EventRounds "9"]
[EventCountry "PER"]
[SourceTitle "Mega2024 Update 01"]
[Source "Chessbase"]
[SourceDate "2023.11.12"]
[SourceVersion "1"]
[SourceVersionDate "2023.11.12"]
[SourceQuality "1"]

1. e4 e5 2. Nf3 Nc6 3. Bc4 Bc5 4. 0-0 Nf6 5. d4 Nxd4 6. Nxe5 0-0 7. Bg5 d6 8. Nd3 Bb6 9. Nc3 h6 10. Bh4 Be6 11. Bb3 g5 12. Bg3 Bg4 13. Qd2 Re8 14. Kh1 Be2 15. Rfe1 Ba5 16. Rxe2 Bxc3 17. bxc3 Nxe2 18. Qxe2 Rxe4 19. Qf3 Qe7 20. h3 d5 21. Bxc7 Rc8 22. Ba5 b6 23. Bb4 Qe6 24. Ba3 a5 25. Bb2 a4 26. c4 axb3 27. Qxf6 Qxf6 28. Bxf6 dxc4 29. Nb4 bxc2 30. Nxc2 Re2 31. Rc1 b5 32. Bd4 Rce8 33. a3 1-0